Významný štvrtok v Klube ekonómov EU v Bratislave
V rámci pravidelných klubových dialógov sa prezentovalo v tento deň vedenie Ekonomickej univerzity k aktuálnej téme: Pripravenosť EU v Bratislave na vstup SR do EÚ. Hlavným hosťom večera bol rektor EU prof. Ing. Vojtech Kollár, CSc., a prorektori prof. Ing. Karol Zalai,CSc., prof. Ing. Kajetána Hon...
Salvato in:
| Autore principale: | |
|---|---|
| Natura: | Capitolo di libro |
| Lingua: | slovacco |
| Soggetti: | |
| Tags: |
Nessun Tag, puoi essere il primo ad aggiungerne!!
|
MARC
| LEADER | 00000naa$a2200000$$$4500 | ||
|---|---|---|---|
| 001 | 0008881 | ||
| 005 | 20230808081432.2 | ||
| 041 | 0 | |a slo | |
| 044 | |a SK | ||
| 245 | 1 | 0 | |a Významný štvrtok v Klube ekonómov EU v Bratislave |c Mária Tokárová |
| 520 | |a V rámci pravidelných klubových dialógov sa prezentovalo v tento deň vedenie Ekonomickej univerzity k aktuálnej téme: Pripravenosť EU v Bratislave na vstup SR do EÚ. Hlavným hosťom večera bol rektor EU prof. Ing. Vojtech Kollár, CSc., a prorektori prof. Ing. Karol Zalai,CSc., prof. Ing. Kajetána Hontyová,CSc., doc. Perer Závodný, CSc., a Ing. Mária Dziurová, kvestorka univerzity. | ||
| 610 | 2 | 0 | |a školy vysoké |
| 610 | 2 | 0 | |a konferencie |
| 610 | 2 | 0 | |a Európska únia |
| 610 | 2 | 0 | |a Slovensko |
| 610 | 2 | 0 | |a vzdelávanie |
| 610 | 2 | 0 | |a vyučovanie |
| 100 | 1 | |a Tokárová, Mária | |